[Event "BL2 Gr1 0304 (Women)"]
[Site "Germany"]
[Date "2004.03.13"]
[Round "6.4"]
[White "Moritz, Cornelia"]
[Black "Kraus, Tanja"]
[Result "1-0"]
[WhiteElo "1718"]
[BlackElo "2050"]
[PlyCount "73"]
[EventDate "2003.10.25"]
[EventType "team-tourn"]
[EventRounds "7"]
[EventCountry "GER"]
[SourceTitle "EXT 2006"]
[Source "ChessBase"]
[SourceDate "2005.11.24"]
[SourceVersion "1"]
[SourceVersionDate "2005.11.24"]
[SourceQuality "1"]
[WhiteTeam "Hofheim (W)"]
[BlackTeam "Wattenscheid (W)"]
[WhiteTeamCountry "GER"]
[BlackTeamCountry "GER"]

1. e4 Nf6 2. Nc3 d5 3. e5 Ne4 4. Nxe4 dxe4 5. d4 exd3 6. Bxd3 Nc6 7. f4 Qd5 8. Nf3 e6 9. Be3 Bc5 10. c4 Bb4+ 11. Ke2 Qd8 12. a3 Be7 13. Qc2 h6 14. Rad1 Bd7 15. f5 Qc8 16. g4 a5 17. h4 a4 18. h5 b6 19. Be4 Ra5 20. fxe6 fxe6 21. Bg6+ Kf8 22. Rxd7 Qxd7 23. Rd1 Bd6 24. exd6 cxd6 25. Qe4 Ke7 26. Bxb6 Ra6 27. Bc5 Na5 28. Ne5 Qc7 29. Bb4 Nb3 30. Nf7 Nc5 31. Bxc5 dxc5 32. Nxh8 Qh2+ 33. Ke3 Rb6 34. b4 Qg3+ 35. Qf3 Qe5+ 36. Kf2 Qh2+ 37. Kf1 1-0

[Event "BL2 Gr1 0304 (Women)"]
[Site "Germany"]
[Date "2003.10.25"]
[Round "1.2"]
[White "Moritz, Cornelia"]
[Black "Barpiyeva, Gulsana"]
[Result "1/2-1/2"]
[WhiteElo "1718"]
[BlackElo "2169"]
[PlyCount "121"]
[EventDate "2003.10.25"]
[EventType "team-tourn"]
[EventRounds "7"]
[EventCountry "GER"]
[SourceTitle "EXT 2006"]
[Source "ChessBase"]
[SourceDate "2005.11.24"]
[SourceVersion "1"]
[SourceVersionDate "2005.11.24"]
[SourceQuality "1"]
[WhiteTeam "Hofheim (W)"]
[BlackTeam "Walldorf (W)"]
[WhiteTeamCountry "GER"]
[BlackTeamCountry "GER"]

1. e4 c5 2. Nc3 Nc6 3. g3 g6 4. Bg2 Bg7 5. f4 d6 6. Nge2 e5 7. Nd5 Nge7 8. fxe5 Nxd5 9. exd5 Nxe5 10. 0-0 0-0 11. h3 Bd7 12. d3 b5 13. Bf4 g5 14. Be3 f5 15. Qc1 h6 16. d4 Nc4 17. Bf2 Rc8 18. Rb1 Qe8 19. Re1 Qh5 20. b3 Nb6 21. dxc5 dxc5 22. Qa3 b4 23. Qxa7 Qg6 24. d6 Qxd6 25. Rbd1 Qc7 26. Qa5 Be5 27. a3 Bd6 28. Qa6 bxa3 29. Qxa3 Rf6 30. Qa5 Bc6 31. Qc3 Rf7 32. Bxc5 Bxc5+ 33. Qxc5 Bxg2 34. Qxc7 Rcxc7 35. Kxg2 Rxc2 36. Kf3 Rf6 37. Rd8+ Kg7 38. Red1 Rc7 39. Nd4 Rc3+ 40. Kf2 Kf7 41. Rb8 f4 42. g4 Rd6 43. Rb7+ Kf6 44. Ne2 Rcc6 45. Rxd6+ Rxd6 46. Nc3 Ke5 47. Re7+ Re6 48. Rc7 Kd4 49. Ne2+ Ke4 50. Rc1 Kd3 51. Rd1+ Ke4 52. Re1 Kd5 53. h4 Re3 54. hxg5 hxg5 55. Nxf4+ gxf4 56. Rxe3 fxe3+ 57. Kxe3 Ke5 58. Kf3 Nd5 59. Kg3 Kf6 60. Kh4 Kg6 61. g5 1/2-1/2

[Event "GER-chT Federal Cup (Women)"]
[Site "Naumburg"]
[Date "2003.04.05"]
[Round "4"]
[White "Wolfram, Julia"]
[Black "Moritz, Cornelia"]
[Result "0-1"]
[WhiteElo "1346"]
[BlackElo "1765"]
[PlyCount "90"]
[EventDate "2003.04.??"]
[EventType "team-swiss"]
[EventRounds "5"]
[EventCountry "GER"]
[SourceTitle "EXT 2004"]
[Source "ChessBase"]
[SourceDate "2003.11.25"]
[SourceVersion "1"]
[SourceVersionDate "2003.11.25"]
[SourceQuality "1"]

1. d4 f5 2. e3 Nf6 3. Bd3 e6 4. f4 b6 5. Nf3 Bb7 6. 0-0 g6 7. Nbd2 Bg7 8. c3 a5 9. Qe2 Qe7 10. e4 0-0 11. Ng5 h6 12. Nh3 Nc6 13. Nf2 Rae8 14. g4 fxe4 15. Ndxe4 Nd5 16. Nh3 Qh4 17. Qg2 Nce7 18. Qg3 Qxg3+ 19. Nxg3 c6 20. Bd2 b5 21. a3 b4 22. axb4 axb4 23. Ne4 bxc3 24. bxc3 Ra8 25. Rxa8 Rxa8 26. Rb1 Ba6 27. Bxa6 Rxa6 28. Rb2 Rb6 29. Ra2 Nc7 30. Nhf2 Ra6 31. Rb2 Nb5 32. Nc5 Ra7 33. Nfd3 Kf7 34. Nb4 Nxd4 35. Kg2 Nb5 36. Ne4 d5 37. Nf2 Nxc3 38. Bxc3 Bxc3 39. Rb3 Bxb4 40. Rxb4 c5 41. Rb2 c4 42. h3 Kf6 43. Kf1 Nc6 44. Ke2 c3 45. Rc2 Nd4+ 0-1

[Event "GER-chT Federal Cup (Women)"]
[Site "Naumburg"]
[Date "2003.04.04"]
[Round "2"]
[White "Katscher, Kathleen"]
[Black "Moritz, Cornelia"]
[Result "1-0"]
[WhiteElo "1773"]
[BlackElo "1765"]
[PlyCount "59"]
[EventDate "2003.04.??"]
[EventType "team-swiss"]
[EventRounds "5"]
[EventCountry "GER"]
[SourceTitle "EXT 2004"]
[Source "ChessBase"]
[SourceDate "2003.11.25"]
[SourceVersion "1"]
[SourceVersionDate "2003.11.25"]
[SourceQuality "1"]

1. e4 c5 2. Nf3 d6 3. Be2 Nc6 4. 0-0 Bg4 5. b3 Nf6 6. d3 e6 7. Nbd2 Be7 8. Bb2 0-0 9. e5 Nd5 10. exd6 Bxd6 11. Nc4 Bc7 12. Nce5 Nxe5 13. Nxe5 Bxe2 14. Qxe2 Qg5 15. Qg4 Qh6 16. h3 Bxe5 17. Bxe5 f5 18. Qf3 f4 19. a3 Rf7 20. Rfe1 Re8 21. Rad1 Qh4 22. Re4 b6 23. Rde1 g5 24. Bd6 Ne3 25. Re2 Nf5 26. Rxe6 Rxe6 27. Rxe6 Rd7 28. Qd5 Rf7 29. Re8+ Kg7 30. Be5+ 1-0